10 Biggest cities in Poland - Statistics

General Stats
  • This quiz has been taken 184 times
  • The average score is 8 of 10
Answer Stats
Population Cities % Correct
1 702 139 Warsaw
100%
755 050 Kraków
98%
461 865 Gdańsk
93%
768 755 Łódź
89%
634 893 Wrocław
87%
570 352 Poznań
85%
317 316 Katowice
80%
407 811 Szczecin
73%
360 044 Lublin
71%
366 452 Bydgoszcz
59%
No matching quizzes found
Score Distribution
Percent of People with Each Score
Percentile by Number Answered
Your Score History
You have not taken this quiz